000 nam a22 a 4500
999 _c68757
_d68757
003 BLK
005 20210205162455.0
008 180408b bul|||||r ||||||| ||bul||
010 _aKNG00073086000
020 _a954-91854-3-5
040 _aBLK
041 _aBUL
_cBUL
080 _aРиболов (вкл. и лов на други морски животни)
_b639.2
_x(031)
_z639.2(031)
080 _aСпортен риболов
_b799.1
_x(031)
_z799.1(031)
100 1 _aБейли, Джон
_eпърви автор
_9294092
139 _aБейли, Джон
_bБ 32
245 1 0 _aПълна енциклопедия на риболова
_bВидове риба, екипировка и техники
_cДжон Бейли; предг. от Крис Тарант; прев. от англ. Ана Симеонова Чакалова.
257 _aGBR
260 _bАхат
_c2006
_fОтпеч. в Малайзия
_aСофия
300 _a160 с.
_bс цв. ил.
_c29 см
380 _a63
500 _aБез сведение за ориг. загл. - Азб. показалец.
650 4 _aРиболов, спортен - наръчници и ръководства
_9252512
653 _aриболов
653 _aенциклопедии
653 _aнаръчници
700 1 _aТарант, Крис
_eпредг. от
_9127712
700 1 _aЧакалова, Ана Симеонова
_eпрев. от англ.
_9370988
852 _aЦб ІІ 14436
_bЦб
856 4 _qpdf
856 4 _qpdf
942 _cKNG
_n0
_s1
944 _aCR
_c19.03.2007
_kКети_Илиева
944 _aED
_c01.02.2013
999 _d68757